Конструирование электромузыкальных инструментов

מידע ביבליוגרפי
מחבר ראשי: Соломин В. К.
שפה:רוסית
יצא לאור: Москва, Госэнергоиздат, 1958
סדרה:Массовая радиобиблиотека Вып. 310
נושאים:
פורמט: ספר
KOHA link:https://koha.lib.tpu.ru/cgi-bin/koha/opac-detail.pl?biblionumber=352207

MARC

LEADER 00000nam0a2200000 4500
001 352207
005 20231102010457.0
035 |a (RuTPU)RU\TPU\retro\8562 
090 |a 352207 
100 |a 20191202d1958 m y0rusy50 ca 
101 0 |a rus 
102 |a RU 
105 |a a z 000zy 
200 1 |a Конструирование электромузыкальных инструментов  |f В. К. Соломин 
210 |a Москва  |a Ленинград  |c Госэнергоиздат  |d 1958 
215 |a 64 с.  |c ил. 
225 1 |a Массовая радиобиблиотека  |v Вып. 310 
606 1 |a Электромузыкальные инструменты  |2 stltpush  |3 (RuTPU)RU\TPU\subj\20295  |9 45405 
610 1 |a конструирование 
610 1 |a схемы 
675 |a 681.82  |v 4 
700 1 |a Соломин  |b В. К. 
801 1 |a RU  |b 63413507  |c 20191202 
942 |c BK